The tools of argument : how the best lawyers think, argue, and win / (Record no. 9967)
[ view plain ]
| 000 -LEADER | |
|---|---|
| fixed length control field | 00870nam a22001697a 4500 |
| 005 - DATE AND TIME OF LATEST TRANSACTION | |
| control field | 20230731114619.0 |
| 008 - FIXED-LENGTH DATA ELEMENTS--GENERAL INFORMATION | |
| fixed length control field | 230731b ||||| |||| 00| 0 eng d |
| 020 ## - INTERNATIONAL STANDARD BOOK NUMBER | |
| International Standard Book Number | 9781481481246385 |
| 050 ## - LIBRARY OF CONGRESS CALL NUMBER | |
| Classification number | K181.T73 |
| 100 ## - MAIN ENTRY--PERSONAL NAME | |
| 9 (RLIN) | Trachtman, Joel P. |
| 245 ## - TITLE STATEMENT | |
| Title | The tools of argument : how the best lawyers think, argue, and win / |
| Statement of responsibility, etc. | Joel P. Trachtman. |
| 260 ## - PUBLICATION, DISTRIBUTION, ETC. | |
| Place of publication, distribution, etc. | North Charleston : |
| Name of publisher, distributor, etc. | CreateSpace Independent Publishing Platform, |
| Date of publication, distribution, etc. | 2013. |
| 300 ## - PHYSICAL DESCRIPTION | |
| Extent | 186 p. : |
| Dimensions | 230cm. |
| 500 ## - GENERAL NOTE | |
| General note | Includes glossary. |
| 505 ## - FORMATTED CONTENTS NOTE | |
| Formatted contents note | Contents: Introduction -- Legal thinking -- Arguing in a legal system: procedure -- Arguing about the meaning of texts: interpretation -- Arguing from precedent -- Arguing about facts -- Rhetorical tricks -- Arguing about substantial responsibility -- Who knows what lurks in the minds of lawyers? Winning arguing with reasoned persuasion. |
| 942 ## - ADDED ENTRY ELEMENTS (KOHA) | |
| Source of classification or shelving scheme | Library of Congress Classification |
| Koha item type | Books |
| Withdrawn status | Lost status | Source of classification or shelving scheme | Damaged status | Not for loan | Home library | Current library | Shelving location | Date acquired | Total Checkouts | Full call number | Barcode | Date last seen | Copy number | Price effective from | Koha item type |
|---|---|---|---|---|---|---|---|---|---|---|---|---|---|---|---|
| Library of Congress Classification | WISCONSIN INTERNATIONAL UNIVERSITY COLLEGE, GHANA - MAIN LIBRARY | WISCONSIN INTERNATIONAL UNIVERSITY COLLEGE, GHANA - MAIN LIBRARY | Law Library | 31/07/2023 | K181.T78 | 3064/232/23 | 31/07/2023 | 1 | 31/07/2023 | Books | |||||
| Library of Congress Classification | WISCONSIN INTERNATIONAL UNIVERSITY COLLEGE, GHANA - MAIN LIBRARY | WISCONSIN INTERNATIONAL UNIVERSITY COLLEGE, GHANA - MAIN LIBRARY | Law Library | 31/07/2023 | K181.T781 | 3065/233/23 | 31/07/2023 | 2 | 31/07/2023 | Books |
